000 00512nam a22001937a 4500
005 20251108175514.0
008 250721s2006 xx 000 0 eng d
082 1 4 _aJ/F/DAV
100 1 _aDAVIDSON, SUSANNA
245 1 4 _aThe little Red Hen /
264 1 _alondon :
_bus borne publishing,
_c2006.
300 _a48 P.
650 1 7 _aFICTION
650 1 7 _aCHILDREN
653 _aأطفال مرحلة متوسطة ( 6 - 9 سنوات )
700 1 _apostgate, danile
942 _2ddc
_cBK
999 _c135690
_d135690